The Trammell & Margaret Crow Collection of Asian Art (Record no. 3817)

MARC details
000 -CABECERA
campo de control de longitud fija 01092nam a2200277 a 4500
001 - NÚMERO DE CONTROL
campo de control BRCA_4095
005 - FECHA Y HORA DE LA ÚLTIMA TRANSACCIÓN
campo de control 20190320204538.0
008 - DATOS DE LONGITUD FIJA--INFORMACIÓN GENERAL
campo de control de longitud fija 080908s2008 si-a#####b---#001-0#eng-#
020 ## - NÚMERO INTERNACIONAL ESTÁNDAR DEL LIBRO
Número Internacional Estándar del Libro 9780962274398
041 ## - CÓDIGO DE LENGUA
Código de lengua del texto/banda sonora o título independiente eng
044 ## - CÓDIGO DEL PAÍS DE LA ENTIDAD EDITORA/PRODUCTORA
Código MARC del país si
050 #4 - SIGNATURA TOPOGRÁFICA DE LA BIBLIOTECA DEL CONGRESO
Número de clasificación N7262
Número de documento/Ítem .T73 2008
245 10 - MENCIÓN DE TÍTULO
Título The Trammell & Margaret Crow Collection of Asian Art
Mención de responsabilidad, etc. edited by Robert R. Belanger ; with essays by Amy Lewis Hofland, Kate Wurtzel, Shiyuan Yuan.
260 ## - PUBLICACIÓN, DISTRIBUCIÓN, ETC.
Lugar de publicación, distribución, etc. Singapore
Nombre del editor, distribuidor, etc. The Trammell & Margaret Crow Collection of Asian Art
Fecha de publicación, distribución, etc. 2008
300 ## - DESCRIPCIÓN FÍSICA
Extensión 190 p.
Otras características físicas il. (algunas a color), mapas
Dimensiones 31 cm.
500 ## - NOTA GENERAL
Nota general Incluye cronología de los períodos históricos, glosario e índice general
504 ## - NOTA DE BIBLIOGRAFÍA, ETC.
Nota de bibliografía, etc. Bibliografía: p. 184-185
610 24 - PUNTO DE ACCESO ADICIONAL DE MATERIA--NOMBRE DE ENTIDAD CORPORATIVA
Nombre de entidad corporativa o nombre de jurisdicción como elemento de entrada Trammell & Margaret Crow Collection of Asian Art
Subdivisión de forma Catálogos
9 (RLIN) 10606
650 14 - PUNTO DE ACCESO ADICIONAL DE MATERIA--TÉRMINO DE MATERIA
Término de materia o nombre geográfico como elemento de entrada Arte asiático
Subdivisión de forma Catálogos
9 (RLIN) 10607
650 14 - PUNTO DE ACCESO ADICIONAL DE MATERIA--TÉRMINO DE MATERIA
Término de materia o nombre geográfico como elemento de entrada Arte
Subdivisión de forma Catálogos
Subdivisión general Colecciones privadas
Subdivisión geográfica Texas
9 (RLIN) 10608
700 1# - PUNTO DE ACCESO ADICIONAL--NOMBRE DE PERSONA
Nombre de persona Belanger, Robert R.
9 (RLIN) 10609
700 1# - PUNTO DE ACCESO ADICIONAL--NOMBRE DE PERSONA
Nombre de persona Hofland, Amy Lewis.
9 (RLIN) 10610
700 1# - PUNTO DE ACCESO ADICIONAL--NOMBRE DE PERSONA
Nombre de persona Wurtzel, Kate.
9 (RLIN) 10611
700 1# - PUNTO DE ACCESO ADICIONAL--NOMBRE DE PERSONA
Nombre de persona Yuan, Shiyuan.
9 (RLIN) 10612
942 ## - ELEMENTOS DE PUNTO DE ACCESO ADICIONAL (KOHA)
Fuente del sistema de clasificación o colocación Library of Congress Classification
Tipo de ítem Koha Libros
Holdings
Estado de retiro Estado de pérdida Estado dañado No para préstamo Localización permanente Ubicación/localización actual Fecha de adquisición Total de préstamos Signatura topográfica completa Código de barras Fecha visto por última vez Precio válido a partir de Tipo de ítem Koha
El ejemplar forma parte de la colección y puede ser consultado según las políticas vigentes.       Biblioteca del Museo Franz Mayer (Rogerio Casas-Alatriste) Biblioteca del Museo Franz Mayer (Rogerio Casas-Alatriste) 17/03/2010   N7262 .T73 2008 01064 22/03/2019 22/03/2019 Libros